[Event "Rheinland Pfalz op 9th"]
[Site "Lambsheim"]
[Date "2017.06.18"]
[Round "7"]
[White "Steiner, Peter Markus"]
[Black "Scherf, Robert"]
[Result "0-1"]
[WhiteElo "1697"]
[BlackElo "1905"]
[PlyCount "46"]
[EventDate "2017.06.15"]
[EventType "swiss"]
[EventRounds "7"]
[EventCountry "GER"]
[SourceTitle "CBM 178 Extra"]
[Source "ChessBase"]
[SourceDate "2017.06.22"]
[SourceVersion "1"]
[SourceVersionDate "2017.06.22"]
[SourceQuality "1"]

1. b4 d5 2. Bb2 Bg4 3. d3 e6 4. Nd2 Nd7 5. Ngf3 Bxf3 6. exf3 Ngf6 7. a3 a5 8. b5 g6 9. Be2 Bg7 10. 0-0 0-0 11. f4 a4 12. Nf3 Nh5 13. Bxg7 Nxg7 14. Nd4 Qf6 15. c3 Qxf4 16. g3 Qf6 17. Bf3 Nf5 18. Ne2 Nd6 19. Bg2 Nc5 20. Rb1 Nb3 21. Nd4 Nxd4 22. cxd4 Qxd4 23. Rb4 Qc3 0-1

[Event "Rheinland Pfalz op 9th"]
[Site "Lambsheim"]
[Date "2017.06.17"]
[Round "6"]
[White "Scherf, Robert"]
[Black "Dalchow, Jonas"]
[Result "0-1"]
[WhiteElo "1905"]
[BlackElo "1730"]
[PlyCount "120"]
[EventDate "2017.06.15"]
[EventType "swiss"]
[EventRounds "7"]
[EventCountry "GER"]
[SourceTitle "CBM 178 Extra"]
[Source "ChessBase"]
[SourceDate "2017.06.22"]
[SourceVersion "1"]
[SourceVersionDate "2017.06.22"]
[SourceQuality "1"]

1. d4 Nf6 2. c4 g6 3. Nc3 d5 4. cxd5 Nxd5 5. e4 Nxc3 6. bxc3 Bg7 7. Bc4 0-0 8. Ne2 c5 9. 0-0 cxd4 10. cxd4 Nc6 11. Be3 e6 12. Rc1 a6 13. Qd2 Qd7 14. Rfd1 b5 15. Bb3 Bb7 16. d5 exd5 17. Bxd5 Ne5 18. Bh6 Bxh6 19. Qxh6 Rac8 20. f4 Rxc1 21. Rxc1 Bxd5 22. fxe5 Bxe4 23. Qe3 Bf5 24. Nd4 Rc8 25. Rf1 Be6 26. Rf6 Re8 27. Nxe6 Rxe6 28. Rxe6 Qxe6 29. Qd4 h6 30. a3 Kh7 31. Qd6 a5 32. h3 Qc4 33. Qe7 b4 34. axb4 axb4 35. e6 Qxe6 36. Qxb4 g5 37. Qb7 Kg6 38. Qf3 Qc4 39. Qd1 h5 40. Qd6+ Qe6 41. Qd3+ Kg7 42. Qd4+ Qf6 43. Qd1 Kh6 44. Qe2 Qe6 45. Qd2 Qb6+ 46. Kh1 Qc7 47. Qb2 Qd8 48. Qb3 f6 49. Qf3 Qe7 50. Qc3 g4 51. Qd2+ Kg7 52. hxg4 hxg4 53. Qf4 Qe1+ 54. Kh2 Qh4+ 55. Kg1 Qh5 56. Qc7+ Kh6 57. Qc8 g3 58. Qf8+ Kh7 59. Qxf6 Qd1+ 60. Qf1 Qd4+ 0-1

[Event "Rheinland Pfalz op 9th"]
[Site "Lambsheim"]
[Date "2017.06.16"]
[Round "4"]
[White "Scherf, Robert"]
[Black "Felten, Maximilian"]
[Result "1-0"]
[WhiteElo "1905"]
[BlackElo "1642"]
[PlyCount "99"]
[EventDate "2017.06.15"]
[EventType "swiss"]
[EventRounds "7"]
[EventCountry "GER"]
[SourceTitle "CBM 178 Extra"]
[Source "ChessBase"]
[SourceDate "2017.06.22"]
[SourceVersion "1"]
[SourceVersionDate "2017.06.22"]
[SourceQuality "1"]

1. d4 d5 2. c4 c6 3. Nc3 Nf6 4. e3 e6 5. Nf3 Bd6 6. Bd3 dxc4 7. Bxc4 b5 8. Bd3 a6 9. e4 Be7 10. e5 Nd5 11. Nxd5 cxd5 12. 0-0 Nc6 13. a3 Bb7 14. Be3 Rc8 15. Rc1 0-0 16. Nd2 f5 17. f4 Na5 18. Qe2 Nc4 19. Nf3 Qd7 20. Bf2 Rc7 21. Bh4 Rfc8 22. Bxe7 Qxe7 23. Rc2 Nb6 24. Rfc1 Rxc2 25. Rxc2 Rxc2 26. Qxc2 Qd7 27. b3 Qe7 28. Qc5 Qxc5 29. dxc5 Nd7 30. b4 Nb8 31. Nd4 Kf7 32. Kf2 Ke7 33. Ke3 Kd7 34. h3 Nc6 35. g4 fxg4 36. hxg4 g6 37. Nxc6 Bxc6 38. f5 g5 39. Kd4 h6 40. fxe6+ Kxe6 41. Bf5+ Ke7 42. Bc8 Kd8 43. Be6 Ke7 44. Bxd5 Bd7 45. e6 Bxe6 46. Bxe6 Kxe6 47. Ke4 Kd7 48. Kf5 Kc6 49. Kg6 h5 50. Kxh5 1-0

[Event "Rheinland Pfalz op 9th"]
[Site "Lambsheim"]
[Date "2017.06.15"]
[Round "2"]
[White "Scherf, Robert"]
[Black "Mueller, Markus"]
[Result "0-1"]
[WhiteElo "1905"]
[BlackElo "2144"]
[PlyCount "50"]
[EventDate "2017.06.15"]
[EventType "swiss"]
[EventRounds "7"]
[EventCountry "GER"]
[SourceTitle "CBM 178 Extra"]
[Source "ChessBase"]
[SourceDate "2017.06.22"]
[SourceVersion "1"]
[SourceVersionDate "2017.06.22"]
[SourceQuality "1"]

1. d4 g6 2. c4 Nf6 3. Nc3 Bg7 4. e4 d6 5. Be2 0-0 6. Bg5 Na6 7. Qd2 e5 8. dxe5 dxe5 9. Qxd8 Rxd8 10. Nd5 Rd6 11. Bxf6 Bxf6 12. b4 c6 13. c5 Rxd5 14. exd5 Nxb4 15. Rc1 Nxa2 16. Rc2 Nb4 17. Rd2 cxd5 18. Bd1 Bg5 19. Re2 e4 20. h4 Bf6 21. h5 Bd7 22. hxg6 hxg6 23. Re3 Nd3+ 24. Kf1 Bd4 25. Re2 Bb5 0-1